000 00852nab a2200253 u 4500
001 17992
003 HDC
007 cr bn ---aaaaa
008 210225b2011mmddmy d||no |||| 00| 0 eng d
040 _aHDC
100 _aDalila Abu Bakar
_910006
245 0 _aTwo Local Firms Set To Establish Strong Foothold In The Netherlands
_c/ Dalila Abu Bakar
260 _aMalaysia:
_bBERNAMA,
_c2011
300 _a1 online resource
336 _atext
_2rdacontent
337 _acomputer
_2rdamedia
338 _aonline resource
_2rdacarrier
650 _aInvestments, Malaysia
_zNetherlands
_917106
710 _aBernama
856 _zRequest full-text at [email protected]
942 _2lcc
942 _cNEWS
942 _kNWSO 003997
999 _c15308
_d15308